000 01031nam a2200265 a 4500
003 MX-MxUPN
005 20240924070808.0
008 991125s1927 pn r 000 0 spa d
035 _aUPN01000037712
040 _aMX-MxUPN
_bspa
_cMX-MxUPN
041 1 _aspa
_heng
050 4 _aBF431 S8
_bT44
100 1 _aTerman, Lewis M.
_q(Lewis Madison),
_d1877-1956
_930807
245 1 0 _aMedición de la inteligencia :
_bexposición y guía para el uso de la revisión y extensión de Stanford de la escala de Binet y Simon
260 _aPanamá :
_bImprenta Nacional,
_c1927.
300 _a273 páginas ;
_c24 cm.
650 4 _aInteligencia
_9939
650 4 _aPruebas mentales
_915534
700 1 _aCalvo, Federico
_948863
_etraducción
700 1 _aPérez, Luis F.
_948864
_etraducción
710 1 _aMéxico.
_bSecretaría de Educación Pública.
_bBiblioteca Pública
_epropietario anterior
_951349
710 2 _aMuseo Pedagógico Nacional (México)
_951335
_epropietario anterior
902 _aVíctor Ruiz/110523
942 _2lcc
_cLIBRO
999 _c37712
_d37712